[Event "A-Klasse 2011 (A68)"]
[Site "Berlin-Weißensee"]
[Date "2011.06.01"]
[Round "1.1"]
[White "Baranowsky, Peter"]
[Black "Goetze, Frank"]
[Result "1-0"]
[WhiteElo "1954"]
[BlackElo "2068"]
[PlyCount "95"]
[EventDate "2011.??.??"]

1. c4 e5 2. g3 Nf6 3. Bg2 Bc5 4. Nc3 O-O 5. e3 Nc6 6. d3 a6 7. Nge2 d6 8. h3
Bf5 9. O-O Rb8 10. a3 Qd7 11. Kh2 Ba7 12. b4 b5 13. Nd5 Nxd5 14. cxd5 Ne7 15.
g4 Bg6 16. f4 f6 17. f5 Bf7 18. e4 c6 19. dxc6 Nxc6 20. g5 Nd4 21. Ng3 Kh8 22.
Qg4 Rbc8 23. Qh4 fxg5 24. Bxg5 Rc2 25. f6 g6 26. Qh6 Rg8 27. Rac1 Qc7 28. Kh1
Nb3 29. Rxc2 Qxc2 30. Be3 Qxd3 31. Bxa7 Qxg3 32. Rd1 Nd4 33. Bxd4 exd4 34. Rxd4
Qe5 35. Qd2 Rd8 36. Qf2 Rc8 37. Rd1 Kg8 38. Qd4 Qg3 39. Qxd6 Qxa3 40. e5 Re8
41. Qd2 Kh8 42. Qh6 Rg8 43. Qd2 Re8 44. Kh2 Qb3 45. Qh6 Rg8 46. Rd8 Be8 47.
Rxe8 Qf7 48. Re7 1-0

[Event "A-Klasse 2011 (A68)"]
[Site "Berlin-Weißensee"]
[Date "2011.06.01"]
[Round "1.2"]
[White "Alevizakis, Panagiotis"]
[Black "Mueller, Reinhard"]
[Result "0-1"]
[WhiteElo "1833"]
[BlackElo "2075"]
[PlyCount "82"]
[EventDate "2011.??.??"]

1. d4 e6 2. Nf3 f5 3. Bg5 Nf6 4. Nc3 d5 5. e3 Nbd7 6. Ne5 c6 7. a3 Be7 8. Be2
O-O 9. Nxd7 Bxd7 10. h4 Bd6 11. Bf4 Qc7 12. Bxd6 Qxd6 13. f4 b5 14. Bf3 a5 15.
Ne2 Rfb8 16. Ng3 c5 17. Nh5 Nxh5 18. Bxh5 a4 19. Bf3 b4 20. g4 Ra7 21. gxf5
exf5 22. dxc5 Qg6 23. Qxd5+ Be6 24. Qd2 Rd7 25. Qf2 Bd5 26. axb4 Rxb4 27. Bxd5+
Rxd5 28. Rg1 Qf6 29. c3 Re4 30. Rd1 Rxd1+ 31. Kxd1 a3 32. Qd2 axb2 33. Qxb2 h6
34. Qd2 Kh7 35. h5 Re8 36. Ke2 Qh4 37. Kf1 Qxh5 38. Qe2 Qh3+ 39. Qg2 Rxe3 40.
Qxh3 Rxh3 41. c4 Rc3 0-1

[Event "A-Klasse 2011 (A68)"]
[Site "Berlin-Weißensee"]
[Date "2011.06.01"]
[Round "1.3"]
[White "Muskewitz, Bernd"]
[Black "Batzaya, Ayush"]
[Result "0-1"]
[WhiteElo "2034"]
[BlackElo "1964"]
[PlyCount "70"]
[EventDate "2011.??.??"]

1. c4 g6 2. d4 Bg7 3. g3 c5 4. d5 b5 5. cxb5 Qa5+ 6. Qd2 Qxb5 7. Nc3 Qb6 8. e4
d6 9. Bg2 Nd7 10. Nf3 Ba6 11. Bf1 Rb8 12. Bxa6 Qxa6 13. Qe2 Qa5 14. Qc2 Ngf6
15. O-O O-O 16. Re1 Ng4 17. Bg5 Rfe8 18. Reb1 Nde5 19. Nd2 Rb7 20. h3 Nf6 21.
Be3 Reb8 22. f4 Ned7 23. a3 Nh5 24. Kf2 Rxb2 25. Rxb2 Rxb2 26. Qxb2 Bxc3 27.
Qb7 Bxd2 28. Qb3 Ndf6 29. Kf3 c4 30. Qxc4 Bxe3 31. Kxe3 Nxg3 32. Qb4 Qa6 33.
Qb2 Ngxe4 34. Rc1 Qa5 35. Rc4 Qxd5 0-1

[Event "A-Klasse 2011 (A68)"]
[Site "Berlin-Weißensee"]
[Date "2011.06.01"]
[Round "1.4"]
[White "Noetzel, Felix"]
[Black "Hiller, Bernd"]
[Result "1/2-1/2"]
[WhiteElo "2042"]
[BlackElo "1887"]
[PlyCount "120"]
[EventDate "2011.??.??"]

1. e4 d5 2. exd5 Nf6 3. d4 Nxd5 4. Nf3 Bg4 5. Be2 e6 6. O-O Bd6 7. c4 Nf6 8.
Nc3 O-O 9. Re1 Nbd7 10. Nb5 a6 11. Nxd6 cxd6 12. Bf4 d5 13. c5 Ne4 14. Ne5 Bxe2
15. Qxe2 Nxe5 16. Bxe5 f6 17. Bf4 e5 18. f3 exf4 19. fxe4 Re8 20. Qd3 Kh8 21.
Re2 Qd7 22. Rae1 g5 23. e5 fxe5 24. Rxe5 Rxe5 25. Rxe5 Rf8 26. Qe2 Qa4 27. Rxd5
Re8 28. Qd2 Qxa2 29. Rxg5 Qb1+ 30. Kf2 Re3 31. Re5 Rd3 32. Qxf4 Qxb2+ 33. Re2
Qxd4+ 34. Qxd4+ Rxd4 35. Re8+ Kg7 36. Re7+ Kg6 37. Rxb7 Rc4 38. Rb6+ Kg5 39. c6
a5 40. Ke3 a4 41. Kd3 Rc1 42. Ke4 a3 43. Ra6 a2 44. Rxa2 Rxc6 45. Kd5 Rf6 46.
Ra7 Kg6 47. Ra3 Rf2 48. Rg3+ Kf5 49. Kd4 Ra2 50. Rg7 Kf6 51. Rg8 Kf7 52. Rg3
Kf6 53. Ke4 Ra4+ 54. Kf3 Kf5 55. Rg7 Ra3+ 56. Kf2 Ra2+ 57. Kg3 h6 58. Kh4 Kf6
59. Rg4 Ra5 60. h3 Rb5 1/2-1/2

[Event "A-Klasse 2011 (A68)"]
[Site "Berlin-Weißensee"]
[Date "2011.06.02"]
[Round "2.1"]
[White "Goetze, Frank"]
[Black "Mueller, Reinhard"]
[Result "1-0"]
[WhiteElo "2068"]
[BlackElo "2075"]
[PlyCount "65"]
[EventDate "2011.??.??"]

1. d4 e6 2. c4 b6 3. e4 Bb7 4. Nc3 Bb4 5. f3 f5 6. exf5 Nh6 7. fxe6 O-O 8. exd7
Nxd7 9. Bxh6 Qh4+ 10. Kd2 Qxh6+ 11. Kc2 c5 12. d5 Bxc3 13. bxc3 Ne5 14. Nh3 Ba6
15. Kb3 b5 16. cxb5 c4+ 17. Bxc4 Nxc4 18. Kxc4 Bxb5+ 19. Kxb5 Rfc8 (19... Rab8+
20. Kc4 Qe3 21. Qa4 Rfc8+ 22. Qc6 Rxc6+ 23. dxc6) 20. d6 Qh5+ (20... Rab8+ 21.
Ka4 Rc4+ 22. Ka3 Rxc3+ 23. Ka4 Qh5) 21. Ka4 Rab8 22. Rb1 Rc4+ 23. Rb4 a5 (23...
Qb5+ 24. Kb3 Rxb4+ 25. cxb4 Qxb4+ 26. Kc2 Qc4+ 27. Kd2 Qd4+ 28. Ke1 Re8+ 29.
Qe2 Qa1+ 30. Kf2 Rxe2+ 31. Kxe2 Qxa2+ (31... Qxh1 32. d7 Qxg2+ 33. Ke3 Qxh3 34.
d8=Q+ Kf7)) (23... Rcxb4+ 24. cxb4) 24. d7 Qb5+ 25. Kb3 a4+ (25... Rxc3+ 26.
Kxc3 Qxb4+ 27. Kc2 Qc4+ 28. Kd2 Rb2+ 29. Ke3 Qe6+ 30. Kf4 Rb4+ 31. Kg3 Qg6+ 32.
Kf2 Rb2+ 33. Ke3) 26. Kc2 (26. Ka3) 26... Rxc3+ 27. Kxc3 Qxb4+ 28. Kd3 Rd8 {(=)
} 29. Ke3 Qe7+ 30. Kf2 Rxd7 31. Qxa4 Rd2+ 32. Kg3 g6 33. Qc4+ {ZUe} 1-0

[Event "A-Klasse 2011 (A68)"]
[Site "Berlin-Weißensee"]
[Date "2011.06.02"]
[Round "2.2"]
[White "Baranowsky, Peter"]
[Black "Muskewitz, Bernd"]
[Result "1-0"]
[WhiteElo "1954"]
[BlackElo "2034"]
[PlyCount "79"]
[EventDate "2011.??.??"]

1. c4 b6 2. Nc3 e6 3. e4 Bb7 4. Nf3 Bb4 5. d3 Ne7 6. Bd2 O-O 7. Be2 d5 8. exd5
exd5 9. cxd5 Nxd5 10. O-O Bd6 11. Nxd5 Bxd5 12. Bc3 Nc6 13. Re1 Re8 14. Bf1
Rxe1 15. Nxe1 Qg5 16. g3 Re8 17. Nf3 Qf5 18. Bg2 Bc5 19. b3 Ne5 20. Bxe5 Rxe5
21. d4 Bxf3 22. Bxf3 Bxd4 23. Qxd4 Qf6 24. Rd1 Re1+ 25. Kg2 Qxd4 26. Rxd4 Kf8
27. Re4 Ra1 28. Re2 c5 29. Bc6 g6 30. a4 Rb1 31. Re8+ Kg7 32. Bd5 Kf6 33. Rf8
Ke5 34. Bxf7 Kd4 35. Bc4 a6 36. Rb8 b5 37. axb5 a5 38. Rd8+ Kc3 39. Ra8 g5 40.
b6 1-0

[Event "A-Klasse 2011 (A68)"]
[Site "Berlin-Weißensee"]
[Date "2011.06.02"]
[Round "2.3"]
[White "Hiller, Bernd"]
[Black "Alevizakis, Panagiotis"]
[Result "1-0"]
[WhiteElo "1887"]
[BlackElo "1833"]
[PlyCount "139"]
[EventDate "2011.??.??"]

1. e4 g6 2. d4 Bg7 3. f4 d6 4. Nf3 Nf6 5. Bd3 O-O 6. O-O c5 7. c3 Qb6 8. Kh1
Bg4 9. dxc5 dxc5 10. Qe2 Nh5 11. Qf2 Qd6 12. Ne1 Bh6 13. h3 Qe6 14. f5 gxf5 15.
exf5 Qd6 16. Bxh6 Qxh6 17. Kg1 Bd1 18. Nd2 Ba4 19. Ne4 Bc6 20. g4 Nf6 21. Nxf6+
exf6 22. Kh2 Nd7 23. Be2 Ne5 24. Rd1 Rad8 25. Nd3 Rxd3 26. Rxd3 Bf3 27. Kg3
Nxd3 28. Bxd3 Bc6 29. Qf4 Qg5 30. h4 Qxf4+ 31. Kxf4 Re8 32. Rf2 Re1 33. g5 Rh1
34. gxf6 Rxh4+ 35. Ke5 Rh3 36. Bc2 h5 37. Kd6 h4 38. Rf4 Rh2 39. Rg4+ Kf8 40.
Bb3 Rd2+ 41. Kxc5 h3 42. Rh4 Ke8 43. Rxh3 Rxb2 44. Rh8+ Kd7 45. Bxf7 Rb5+ 46.
Kd4 Rxf5 47. Be8+ Ke6 48. f7 Rxf7 49. Bxf7+ Kxf7 50. Ke5 Kg6 51. Rg8+ Kf7 52.
Ra8 a6 53. Kd6 Be4 54. Ra7 Kf6 55. Kc7 Ke5 56. Rxb7 Bd5 57. Rb2 Bc4 58. Rd2 Ke6
59. Kb6 Ke5 60. Kc5 Bg8 61. a4 Bb3 62. a5 Ba4 63. Rd6 Bb5 64. Rd5+ Ke4 65. c4
Ba4 66. Rd2 Ke3 67. Rd8 Ke4 68. Kb6 Bb3 69. c5 Bc4 70. c6 1-0

[Event "A-Klasse 2011 (A68)"]
[Site "Berlin-Weißensee"]
[Date "2011.06.02"]
[Round "2.4"]
[White "Batzaya, Ayush"]
[Black "Noetzel, Felix"]
[Result "1/2-1/2"]
[WhiteElo "1964"]
[BlackElo "2042"]
[PlyCount "92"]
[EventDate "2011.??.??"]

1. e4 d5 2. exd5 Qxd5 3. Nc3 Qa5 4. d4 c6 5. Bd2 Bf5 6. Nf3 Nf6 7. Bc4 e6 8.
Nd5 Qd8 9. Nxf6+ Qxf6 10. Bb3 Bg4 11. Rg1 Bd6 12. h3 Bxf3 13. gxf3 Nd7 14. Qe2
h6 15. O-O-O O-O-O 16. Be3 Rhe8 17. Kb1 g5 18. a3 Kb8 19. Ka2 Qf5 20. Rg4 Nf6
21. Rgg1 Nd5 22. Rh1 Nf4 23. Qf1 Bf8 24. h4 Bg7 25. hxg5 hxg5 26. Rg1 Nh3 27.
Rg3 Rh8 28. Qg2 Bf6 29. Rg4 Rh7 30. Qg3+ Ka8 31. Rh1 Rdh8 32. f4 Nxf2 33. Rxh7
Nxg4 34. Rxh8+ Bxh8 35. fxg5 e5 36. dxe5 Bxe5 37. Qg1 Bb8 38. Bd2 Ne5 39. Qe3
Qf1 40. Bc3 Ng4 41. Qe8 Qf5 {(=)} 42. Qe7 Bf4 43. Qd8+ Bb8 44. Ba5 Qf4 45. Ba4
Qxa4 {(=)} 46. Bc7 Qc4+ 1/2-1/2

[Event "A-Klasse 2011 (A68)"]
[Site "Berlin-Weißensee"]
[Date "2011.06.02"]
[Round "3.1"]
[White "Muskewitz, Bernd"]
[Black "Goetze, Frank"]
[Result "0-1"]
[WhiteElo "2034"]
[BlackElo "2068"]
[PlyCount "90"]
[EventDate "2011.??.??"]

1. d4 Nf6 2. c4 e6 3. Nf3 b6 4. Nc3 Bb4 5. Bg5 Bb7 6. e3 d6 7. Qa4+ Nc6 8. d5
Bxc3+ 9. bxc3 Qd7 10. dxc6 Bxc6 11. Qc2 Ne4 12. Bh4 f5 13. Nd4 Bb7 14. f3 g5
15. Bf2 Nf6 16. Rd1 O-O-O 17. a4 a5 18. Bd3 Qf7 19. Nxe6 Rde8 20. Nxg5 Qg7 21.
Bxf5+ Kb8 22. Bh4 Rxe3+ 23. Kf2 Rxc3 24. Qe2 Rg8 25. g3 Re8 26. Ne4 Nxe4+ (
26... Rxf3+ 27. Qxf3 Nxe4+) 27. Bxe4 (27. fxe4) 27... Qf7 28. Kg2 Rxf3 29. Rd4
Rxe4 30. Rxe4 Rf2+ (30... Rc3) 31. Qxf2 Bxe4+ 32. Kg1 Qxf2+ 33. Kxf2 Bxh1 34.
Ke3 Bc6 35. Bf6 Bxa4 36. g4 Kb7 37. g5 Be8 38. h4 Kc6 39. Bd4 Bf7 40. Kf4 Bxc4
41. h5 Bd3 42. Kg4 Kd5 43. Bg7 Kc4 44. g6 hxg6 45. h6 g5 0-1

[Event "A-Klasse 2011 (A68)"]
[Site "Berlin-Weißensee"]
[Date "2011.06.02"]
[Round "3.2"]
[White "Mueller, Reinhard"]
[Black "Hiller, Bernd"]
[Result "1/2-1/2"]
[WhiteElo "2075"]
[BlackElo "1887"]
[PlyCount "59"]
[EventDate "2011.??.??"]

1. f4 d5 2. e3 Nc6 3. Nf3 h6 4. b3 Bg4 5. Bb5 Nf6 6. Bb2 e6 7. O-O a6 8. Bxc6+
bxc6 9. d3 Bd6 10. Nbd2 Qe7 11. Qe1 Bxf3 12. Nxf3 c5 13. Ne5 Bxe5 14. Bxe5 O-O
15. Qh4 Kh7 16. Rf3 Ng8 17. Qxe7 Nxe7 18. Bxc7 Rfc8 19. Be5 f6 20. Bb2 a5 21.
a4 c4 22. bxc4 dxc4 23. d4 Nd5 24. e4 c3 25. Ba3 Nb4 26. Bxb4 axb4 27. d5 exd5
28. exd5 Rd8 29. Rd3 Ra5 30. d6 1/2-1/2

[Event "A-Klasse 2011 (A68)"]
[Site "Berlin-Weißensee"]
[Date "2011.06.02"]
[Round "3.3"]
[White "Noetzel, Felix"]
[Black "Baranowsky, Peter"]
[Result "1-0"]
[WhiteElo "2042"]
[BlackElo "1954"]
[PlyCount "47"]
[EventDate "2011.??.??"]

1. e4 e6 2. Nf3 d5 3. e5 c5 4. b4 Nh6 5. bxc5 Bxc5 6. d4 Be7 7. Bxh6 gxh6 8.
Bd3 Qa5+ 9. Qd2 Nc6 10. O-O Bf8 11. Qf4 Bg7 12. Nbd2 b6 13. c4 Nb4 14. Be2 Nc2
15. Rac1 Qxa2 16. cxd5 exd5 17. Bd3 (17. Bb5+) 17... Na3 (17... Nb4 18. Bb5+
Kf8 19. Rxc8+ Rxc8 20. e6 f6 21. Qd6+ Kg8 22. Qe7 Rf8 23. Be8) 18. Rc7 O-O 19.
Nh4 (19. Ne4 Be6 (19... dxe4 20. Qxe4) 20. Nf6+ Kh8) 19... f5 $138 20. Bxf5 (
20. exf6 Rxf6 21. Bxh7+) 20... Qb2 21. Qxh6 Rf7 22. Bxh7+ Kf8 23. Qd6+ Ke8 24.
Bg6 1-0

[Event "A-Klasse 2011 (A68)"]
[Site "Berlin-Weißensee"]
[Date "2011.06.02"]
[Round "3.4"]
[White "Alevizakis, Panagiotis"]
[Black "Batzaya, Ayush"]
[Result "1-0"]
[WhiteElo "1833"]
[BlackElo "1964"]
[PlyCount "103"]
[EventDate "2011.??.??"]

1. d4 g6 2. e4 Bg7 3. Nc3 c5 4. Nf3 cxd4 5. Nxd4 Nc6 6. Be3 d6 7. Qd2 Bd7 8.
O-O-O a6 9. Nd5 Nf6 10. Nxc6 Bxc6 11. Bb6 Qc8 12. Nc7+ Kf8 13. Nxa8 Nxe4 14.
Qe3 Qxa8 15. f3 h5 16. Kb1 Nf6 17. Bc4 Qc8 18. Rhe1 Qd7 19. a3 h4 20. Re2 Rh5
21. Rde1 e6 22. Rd1 d5 23. Ree1 Kg8 24. Qf2 Qd6 25. g3 hxg3 26. hxg3 Rh3 27.
Rg1 Nd7 28. Bd4 e5 29. Bc3 d4 30. Bb4 Qc7 31. Rh1 Rxh1 32. Rxh1 a5 33. Bd2 Nc5
34. Qh2 Bxf3 35. Qh7+ Kf8 36. Bh6 Bxh6 37. Rxh6 Be4 38. Bxf7 d3 39. Qg8+ Ke7
40. Qe8+ Kf6 41. Qh8+ Kg5 42. Rh5+ Kg4 43. Rh4+ Kf3 44. Qf6+ Bf5 (44... Ke3 45.
Rxe4+ Nxe4) 45. Bd5+ e4 46. Qc3 (46. cxd3 Nxd3 47. Bxe4+) 46... Qxg3 47. cxd3
Qxh4 48. dxe4+ Kf4 (48... Kg4 49. exf5 Qf2 50. fxg6 Qf5+ 51. Qc2 Qxd5) 49. exf5
Qf2 50. fxg6 Qf1+ 51. Qc1+ Qxc1+ 52. Kxc1 1-0

[Event "A-Klasse 2011 (A68)"]
[Site "Berlin-Weißensee"]
[Date "2011.06.03"]
[Round "4.1"]
[White "Goetze, Frank"]
[Black "Hiller, Bernd"]
[Result "1-0"]
[WhiteElo "2068"]
[BlackElo "1887"]
[PlyCount "93"]
[EventDate "2011.??.??"]

1. d4 d5 2. Nf3 Nc6 3. c4 Bg4 4. Nc3 Nf6 5. cxd5 Nxd5 6. e4 Nxc3 7. bxc3 g6 8.
Be2 Bg7 9. O-O O-O 10. Be3 Re8 11. h3 Bxf3 12. Bxf3 e5 13. d5 Ne7 14. Be2 b6
15. Qb3 Nc8 16. Bb5 Rf8 17. f3 Nd6 18. Bd3 Kh8 19. a4 f5 20. a5 fxe4 21. fxe4
Rxf1+ 22. Rxf1 Qh4 23. Bf2 Qg5 24. Qc2 Nb7 25. a6 Nd6 26. c4 Qe7 27. c5 Nf7 28.
cxb6 cxb6 29. Be3 Nd6 30. Rc1 Rc8 31. Qd2 Qd7 32. Rxc8+ Qxc8 33. Qc1 Qxc1+ 34.
Bxc1 Bf8 35. Be3 Nc8 36. Kf1 Kg7 37. Ke2 Kf6 38. h4 h6 39. Kf3 Kg7 40. g3 Kf6
41. Bf1 Ke7 42. Bh3 Kd8 43. Be6 Kc7 44. Bf7 Ne7 45. Ke2 Kd7 46. Bxb6 Nc8 47.
Be6+ 1-0

[Event "A-Klasse 2011 (A68)"]
[Site "Berlin-Weißensee"]
[Date "2011.06.03"]
[Round "4.2"]
[White "Muskewitz, Bernd"]
[Black "Noetzel, Felix"]
[Result "0-1"]
[WhiteElo "2034"]
[BlackElo "2042"]
[PlyCount "50"]
[EventDate "2011.??.??"]

1. d4 d5 2. g3 e6 3. Bg2 f5 4. Nf3 Nf6 5. Bg5 Bd6 6. O-O O-O 7. Nbd2 Qe8 8.
Bxf6 Rxf6 9. c4 c6 10. c5 Bc7 11. e3 Nd7 12. b4 Rh6 13. h4 e5 14. Nxe5 Nxe5 15.
dxe5 Bxe5 16. Rb1 Qe7 17. Nf3 Bf6 18. a3 Bd7 19. Qd3 Rf8 20. Bh3 Kh8 21. Nd4
Bxh4 22. Bxf5 Qf7 23. Bxd7 Qxd7 24. Qe2 (24. Kg2 Bxg3 25. Rh1 Bxf2) 24... Qh3
25. Nf3 Bg5 0-1

[Event "A-Klasse 2011 (A68)"]
[Site "Berlin-Weißensee"]
[Date "2011.06.03"]
[Round "4.3"]
[White "Batzaya, Ayush"]
[Black "Mueller, Reinhard"]
[Result "0-1"]
[WhiteElo "1964"]
[BlackElo "2075"]
[PlyCount "56"]
[EventDate "2011.??.??"]

1. e4 e6 2. d4 d5 3. Nd2 Nf6 4. exd5 exd5 5. Bd3 Nc6 6. Ngf3 Bg4 7. c3 Bd6 8.
O-O O-O 9. h3 Bh5 10. Qc2 Re8 11. Ng5 Bg6 12. Bxg6 hxg6 13. Ndf3 Qd7 14. Qb3
Na5 15. Qc2 Ne4 16. Re1 Qf5 17. b3 Re7 (17... Nxg5 18. Rxe8+ Rxe8 19. Qxf5
Nxf3+ 20. Qxf3 Re1#) 18. Nxe4 Rxe4 19. Rxe4 dxe4 20. Nd2 Re8 21. Nf1 Nc6 22.
Be3 g5 23. Qe2 Ne7 24. g4 Qh7 25. Qb5 c6 26. Qxg5 (26. Qxb7 Qxh3 27. Qd7) 26...
Qxh3 27. c4 Ng6 28. f4 exf3 0-1

[Event "A-Klasse 2011 (A68)"]
[Site "Berlin-Weißensee"]
[Date "2011.06.03"]
[Round "4.4"]
[White "Baranowsky, Peter"]
[Black "Alevizakis, Panagiotis"]
[Result "0-1"]
[WhiteElo "1954"]
[BlackElo "1833"]
[PlyCount "96"]
[EventDate "2011.??.??"]

1. c4 g6 2. g3 Bg7 3. Bg2 c5 4. Nc3 Nc6 5. e3 e5 6. Nge2 Nge7 7. d3 d6 8. a3 a5
9. O-O Be6 10. Nd5 Bxd5 11. cxd5 Nb8 12. Qb3 b6 13. e4 Nd7 14. a4 O-O 15. Be3
f5 16. f4 Rb8 {(=)} 17. h3 Qe8 18. Rf2 h5 19. Raf1 Bh6 20. Rf3 Rf6 21. Bc1 Kh7
22. Kh2 c4 23. Qc2 cxd3 24. Rxd3 Nc5 25. fxe5 fxe4 26. Rc3 Rxf1 27. Bxf1 Nxd5
28. Bxh6 Nxc3 29. Nxc3 Kxh6 30. Qd2+ Kg7 31. exd6 Qe5 32. d7 Rd8 33. Bb5 e3 34.
Qg2 h4 35. Ne2 Ne4 36. Bd3 Nxg3 37. Nxg3 Qxg3+ 38. Qxg3 hxg3+ 39. Kxg3 Rxd7 40.
Be4 Rd2 41. b3 Rf2 42. h4 Kf6 43. Bd3 Rb2 44. Bc4 Rf2 45. Bd3 Rd2 46. Bb5 e2
47. Kf2 Rd4 48. h5 Re4 0-1

[Event "A-Klasse 2011 (A68)"]
[Site "Berlin-Weißensee"]
[Date "2011.06.04"]
[Round "5.1"]
[White "Noetzel, Felix"]
[Black "Goetze, Frank"]
[Result "1-0"]
[WhiteElo "2042"]
[BlackElo "2068"]
[PlyCount "71"]
[EventDate "2011.??.??"]

1. e4 c5 2. d4 cxd4 3. c3 dxc3 4. Nxc3 e6 5. Nf3 a6 6. Bc4 b5 7. Bb3 Bb7 8. Qe2
d6 9. O-O Nd7 10. Rd1 Ngf6 11. Bg5 Be7 12. Bxf6 Nxf6 (12... gxf6) 13. e5 Bxf3
14. Qxf3 Nd7 15. exd6 Bf6 16. Rac1 O-O 17. Qh5 Rc8 18. Bc2 g6 19. Qg4 Rc4 20.
f4 Qb6+ 21. Kh1 Rfc8 (21... Be5) 22. Bb3 Rxc3 23. bxc3 Nc5 24. Qf3 Rd8 25. c4 (
25. g4 Rxd6 26. Rxd6 Qxd6 27. g5 Be7 28. Rd1 Qc7) 25... b4 26. f5 exf5 27. Qd5
Kg7 {(=)} 28. Rc2 Rd7 29. Re2 Ne4 30. Rxe4 fxe4 31. c5 Qb5 32. Bc4 Qa5 33. c6
Qxd5 34. Rxd5 Rd8 35. d7 Ra8 36. c7 1-0

[Event "A-Klasse 2011 (A68)"]
[Site "Berlin-Weißensee"]
[Date "2011.06.04"]
[Round "5.2"]
[White "Hiller, Bernd"]
[Black "Batzaya, Ayush"]
[Result "1-0"]
[WhiteElo "1887"]
[BlackElo "1964"]
[PlyCount "59"]
[EventDate "2011.??.??"]

1. e4 c5 2. Nf3 d6 3. d4 cxd4 4. Nxd4 g6 5. Nc3 Bg7 6. Be3 Nf6 7. Qd2 Nc6 8.
Be2 O-O 9. O-O-O a6 10. h4 h5 11. f3 Nxd4 12. Bxd4 b5 13. Nd5 Nxd5 14. exd5
Bxd4 15. Qxd4 Qa5 16. Kb1 e5 17. Qe3 Qa4 18. g4 hxg4 19. fxg4 Qf4 20. Qg1 Kg7
21. Rf1 Qd4 22. Qg2 Bb7 23. Rd1 Qf4 24. Rhf1 Qh6 25. g5 Qxh4 26. Rh1 Qf4 27.
Rdf1 Qe3 28. Rh3 (28. Rh7+ Kxh7 29. Qh2+ Kg7 30. Qh6+ Kg8 31. Rh1) 28... Qb6 (
28... Bxd5 29. Bf3 (29. Qh2 Rh8) 29... Bxf3 30. Rhxf3 Qa7 31. Qh3 Rh8 32. Rxf7+
Qxf7 33. Rxf7+ Kxf7 34. Qd7+ Kf8 35. Qxd6+) 29. Qf3 Qd8 30. Qf6+ 1-0

[Event "A-Klasse 2011 (A68)"]
[Site "Berlin-Weißensee"]
[Date "2011.06.04"]
[Round "5.3"]
[White "Alevizakis, Panagiotis"]
[Black "Muskewitz, Bernd"]
[Result "1/2-1/2"]
[WhiteElo "1833"]
[BlackElo "2034"]
[PlyCount "116"]
[EventDate "2011.??.??"]

1. d4 d5 2. Nf3 c5 3. c3 Nc6 4. Bf4 e6 5. e3 Nf6 6. h3 Bd6 7. Bxd6 Qxd6 8. Nbd2
O-O 9. Bd3 b6 10. O-O Bb7 11. Re1 {(=)} Rad8 12. a3 e5 13. dxe5 Nxe5 14. Nxe5
Qxe5 15. Nf3 Qd6 16. Be2 Rfe8 17. Qc2 Ne4 18. Rad1 Qf6 19. Bd3 h6 20. Qa4 a6
21. Qc2 Re6 22. c4 dxc4 23. Bxc4 Red6 24. Be2 Ng5 25. Nxg5 Qxg5 26. g3 Qe5 27.
Rxd6 Rxd6 28. Rd1 Rxd1+ 29. Bxd1 Qd5 30. f3 Qe6 31. Qd2 Qxh3 32. Qd8+ Kh7 33.
Qc7 Bd5 34. Bc2+ g6 35. Be4 Bc4 36. Bd3 Qe6 37. Bxc4 Qxc4 38. Qxb6 Kg7 39. Kf2
Qc2+ 40. Ke1 Qc4 41. Kd2 {(=)} Qd5+ 42. Ke2 h5 43. Qxa6 Qb3 44. Qd3 Qxb2+ 45.
Kd1 Qa1+ 46. Kd2 Qa2+ 47. Kd1 Kh7 48. f4 Qe6 49. e4 Qa2 50. f5 Qa1+ 51. Kd2
Qa2+ 52. Kd1 Qa1+ 53. Ke2 Qb2+ 54. Kf3 g5 55. Qe3 f6 56. Qxc5 g4+ 57. Kf4 Qd2+
58. Qe3 Qd6+ 1/2-1/2

[Event "A-Klasse 2011 (A68)"]
[Site "Berlin-Weißensee"]
[Date "2011.06.04"]
[Round "5.4"]
[White "Mueller, Reinhard"]
[Black "Baranowsky, Peter"]
[Result "1-0"]
[WhiteElo "2075"]
[BlackElo "1954"]
[PlyCount "69"]
[EventDate "2011.??.??"]

1. e4 e6 2. d4 d5 3. e5 c5 4. c3 Bd7 5. Nf3 Nc6 6. Bd3 Qb6 7. O-O Nge7 8. dxc5
Qxc5 9. Na3 a6 10. Re1 Qb6 11. b4 Ng6 12. h4 Qd8 13. g3 b5 14. h5 Nge7 15. Be3
Qb8 16. Bc5 Nc8 17. Bxf8 Kxf8 18. Qd2 h6 19. Qf4 Nb6 20. Nc2 Ke7 21. Ncd4 Nxd4
22. Nxd4 Rc8 23. Re3 (23. Rac1) 23... Nc4 (23... Rxc3 24. Bg6 Rxe3 25. Qxf7+
Kd8 26. Rc1 (26. fxe3 Qxe5) (26. Qf8+ Kc7 27. Qd6+ Kb7 28. Qxb8+ Rxb8 29. fxe3
Nc4) 26... Nc4) 24. Bxc4 bxc4 25. Rf3 Be8 26. Re1 Rc7 27. Qg4 Kd7 28. Qxg7 Kc8
29. Qxh6 Qb6 30. Qf6 Ba4 31. h6 Kb7 32. h7 Rcc8 33. Qxf7+ Qc7 34. Qxe6 Rf8 35.
h8=Q 1-0

[Event "A-Klasse 2011 (A68)"]
[Site "Berlin-Weißensee"]
[Date "2011.06.04"]
[Round "6.1"]
[White "Goetze, Frank"]
[Black "Batzaya, Ayush"]
[Result "1/2-1/2"]
[WhiteElo "2068"]
[BlackElo "1964"]
[PlyCount "101"]
[EventDate "2011.??.??"]

1. d4 d5 2. c4 c6 3. Nf3 Nf6 4. Bf4 Bf5 5. e3 e6 6. Nbd2 Bd6 7. Bxd6 Qxd6 8.
Be2 dxc4 9. Bxc4 Nbd7 10. O-O Nb6 11. Be2 O-O 12. Nh4 Bg6 13. Nxg6 hxg6 14. Nf3
Rad8 15. Qc2 Nfd7 16. Rfd1 Qe7 17. a4 e5 18. a5 Nd5 19. a6 e4 20. Nd2 N7f6 21.
axb7 Qxb7 22. Rdb1 Nb4 23. Qa4 c5 24. Nb3 cxd4 25. Nxd4 Ra8 26. Ra3 a5 27. Rc3
Nfd5 28. Rc5 Rfc8 29. Rxa5 Rxa5 30. Qxa5 Qd7 31. h3 Qd6 32. Rd1 Kh7 33. g3 Qe5
34. Kh2 Qf6 35. Kg2 Qg5 36. Qa3 Nc2 37. Nxc2 Rxc2 38. Re1 Qf6 39. Qb3 Rd2 40.
h4 Ne7 41. Qb4 Rxe2 42. Rxe2 Qf3+ 43. Kg1 Qxe2 44. Qxe7 Qd1+ 45. Kg2 Qf3+ 46.
Kg1 Qd1+ 47. Kh2 Qf3 48. Kg1 Qd1+ 49. Kg2 Qf3+ 50. Kf1 Qd1+ 51. Kg2 1/2-1/2

[Event "A-Klasse 2011 (A68)"]
[Site "Berlin-Weißensee"]
[Date "2011.06.04"]
[Round "6.2"]
[White "Noetzel, Felix"]
[Black "Alevizakis, Panagiotis"]
[Result "1-0"]
[WhiteElo "2042"]
[BlackElo "1833"]
[PlyCount "89"]
[EventDate "2011.??.??"]

1. e4 g6 2. d4 Bg7 3. Nc3 d6 4. Bc4 Nf6 5. Nge2 c6 6. a4 b6 7. O-O d5 8. Bd3
dxe4 9. Nxe4 Nbd7 10. c3 Bb7 11. N2g3 Nxe4 12. Nxe4 Nf6 13. Bg5 O-O 14. Re1 Re8
15. Qb3 Nxe4 16. Bxe4 Qc7 17. f4 e6 18. Rf1 Rac8 19. Rae1 Ba6 20. Rf3 Qd6 21.
Rfe3 h6 22. Bh4 Qxf4 23. Bg3 Qf6 24. Be5 Qe7 25. Bg3 Qd7 26. h4 h5 27. Bf4 Bf6
28. g3 Be7 29. Bxg6 Bxh4 30. Bxh5 Bf6 31. Qd1 Kf8 32. Qf3 Qd5 33. Qg4 Ke7 34.
Be5 Bh8 35. Rf3 f6 36. Bxe8 Rxe8 37. Bf4 c5 38. Rfe3 Bc8 39. Rd1 e5 40. Qh5
cxd4 41. Rxd4 Qf7 42. Qh4 Qg6 43. Rxe5+ Kf7 44. Rxe8 Qb1+ 45. Kf2 1-0

[Event "A-Klasse 2011 (A68)"]
[Site "Berlin-Weißensee"]
[Date "2011.06.04"]
[Round "6.3"]
[White "Baranowsky, Peter"]
[Black "Hiller, Bernd"]
[Result "1-0"]
[WhiteElo "1954"]
[BlackElo "1887"]
[PlyCount "79"]
[EventDate "2011.??.??"]

1. c4 e5 2. g3 Nc6 3. Bg2 d6 4. Nc3 f5 5. d3 Nf6 6. e3 Be7 7. Nge2 O-O 8. O-O
Bd7 9. b4 Qc8 10. b5 Nd8 11. Nd5 Nxd5 12. Bxd5+ Kh8 13. Bg2 Ne6 14. Bb2 Bf6 15.
Qd2 f4 16. exf4 exf4 17. Bxf6 Rxf6 18. f3 Qe8 19. d4 fxg3 20. hxg3 a6 21. a4
Qf7 22. Qd3 Ng5 23. Nf4 Bf5 24. Qd2 Rh6 25. g4 Bd7 26. Rae1 Rf8 27. Nd5 Ne6 28.
g5 {(=)} Rh4 29. f4 c6 30. f5 Nxd4 31. Re7 Qh5 32. Rxd7 cxd5 33. Rxd6 {(=)}
Ne2+ 34. Kf2 Rf4+ 35. Ke1 Re8 36. Re6 Rxe6 37. fxe6 Rxf1+ 38. Bxf1 Ng1 39. Qf4
Nf3+ 40. Kf2 1-0

[Event "A-Klasse 2011 (A68)"]
[Site "Berlin-Weißensee"]
[Date "2011.06.04"]
[Round "6.4"]
[White "Muskewitz, Bernd"]
[Black "Mueller, Reinhard"]
[Result "0-1"]
[WhiteElo "2034"]
[BlackElo "2075"]
[PlyCount "110"]
[EventDate "2011.??.??"]

1. d4 e6 2. c4 f5 3. e4 fxe4 4. Nc3 Nf6 5. f3 Bb4 6. fxe4 Nxe4 (6... O-O 7. Bg5
(7. e5 Ne4) 7... h6 8. Bxf6 Qxf6 9. Nf3) 7. Qh5+ g6 8. Qe5 Nf6 9. Bg5 O-O 10.
Nf3 Nc6 11. Qf4 Be7 12. Qd2 Ng4 13. Bxe7 Qxe7 14. Bd3 Qg7 (14... Rxf3 15. gxf3
Qh4+ 16. Kf1 Qh3+ 17. Kg1 Nxd4 18. Rf1 Nxf3+ 19. Rxf3 Qxf3) 15. Be2 e5 16. d5
Nd4 17. Nxd4 exd4 18. Bxg4 dxc3 19. Qxc3 Qe7+ 20. Kd1 d6 21. Bxc8 Raxc8 22. Rc1
Rf4 23. Re1 Qg5 24. Rc2 Rcf8 25. Qe3 Qg4+ 26. Qe2 Rd4+ 27. Rd2 (27. Kc1 Qxe2
28. Rcxe2 Rxc4+) 27... Qxe2+ 28. Rexe2 Rf1+ 29. Kc2 Rxc4+ 30. Kd3 Rc5 31. Ke4
Rf5 32. Rd3 Re5+ 33. Kf3 Rcxd5 34. Rxd5 Rxd5 35. Re8+ Kf7 36. Rh8 Kg7 37. Rb8
b6 38. Rb7 Rc5 39. Rxa7 Kf6 40. b4 Rc4 41. b5 Ke5 42. Ra8 d5 43. Re8+ Kd6 44.
Rh8 Kc5 45. Rxh7 Kxb5 46. Rg7 Rc6 47. g4 Rf6+ 48. Ke3 c5 49. g5 d4+ 50. Ke4 Rd6
51. Ke5 Rd8 52. Rxg6 d3 53. Rf6 d2 54. Rf1 Re8+ 55. Kd5 Re1 0-1